Statistical methods / (Record no. 17110)

000 -LEADER
fixed length control field 00407cam a22001571 4500
040 ## - CATALOGING SOURCE
Transcribing agency DLC
082 ## - DEWEY DECIMAL CLASSIFICATION NUMBER
Classification number 519 LOW 1967 A008 Or.
100 1# - MAIN ENTRY--AUTHOR NAME
Personal name Snedecor, George Waddel,
245 10 - TITLE STATEMENT
Title Statistical methods /
250 ## - EDITION STATEMENT
Edition statement 6th ed
260 ## - PUBLICATION, DISTRIBUTION, ETC. (IMPRINT)
Place of publication Ames, Ia. :
Name of publisher Iowa State University Press,
Year of publication c1967
300 ## - PHYSICAL DESCRIPTION
Number of Pages xiv, 593 p. :
Other physical details ill. ;
Dimensions 24 cm
650 #0 - SUBJECT ADDED ENTRY--TOPICAL TERM
Topical Term Statistics
700 1# - ADDED ENTRY--PERSONAL NAME
Personal name Cochran, William G.
942 ## - ADDED ENTRY ELEMENTS (KOHA)
Koha item type សៀវភៅភាសាអង់គ្លេស
952 ## - LOCATION AND ITEM INFORMATION (KOHA)
Withdrawn status [LOCAL, KOHA] 0
Holdings
Permanent Location Date acquired Koha item type Lost status Shelving location Barcode Current Location Full call number
Library Block A2018-08-03សៀវភៅភាសាអង់គ្លេស A008A33872Library Block A519 LOW 1967 A008 Or.
មជ្ឈមណ្ឌលឯការនៃសាកលវិទ្យាល័យភូមិន្ទកសិកម្មចំការដូង

Powered by Koha